| 000 | 00848cam a2200265 a 4500 | ||
|---|---|---|---|
| 001 | 4716009 | ||
| 003 | OSt | ||
| 005 | 20230620154034.0 | ||
| 008 | 831027s1984 nyua b 001 0 eng | ||
| 010 | _a 83040462 | ||
| 020 |
_a0805207635 (pbk.) : _c$5.95 |
||
| 040 |
_aDLC _cDLC _dDLC |
||
| 043 | _an-us--- | ||
| 050 | 0 | 0 |
_aJK526 _b 1984 |
| 082 | 0 | 0 |
_a324.973/0927 _219 _bLUV |
| 245 | 0 | 0 |
_aChoosing the president, 1984 / _cby the League of Women Voters Education Fund. |
| 260 |
_aNew York : _bNick Lyons Books : _bSchocken Books, _c1984. |
||
| 300 |
_a112 p. : _bill. ; _c21 cm. |
||
| 500 | _aIncludes index. | ||
| 504 | _aBibliography: p. 106-109. | ||
| 650 | 0 |
_aPresidents _zUnited States _xElection _y1984. |
|
| 710 | 2 |
_aLeague of Women Voters (U.S.). _bEducation Fund. |
|
| 906 |
_a7 _bcbc _corignew _d1 _eocip _f19 _gy-gencatlg |
||
| 942 |
_2ddc _cBK |
||
| 999 |
_c1872 _d1872 |
||